[Event "Washington Class Championships"]
[Site "Lynnwood, WA"]
[Date "2014.11.29"]
[Round "2"]
[White "Soetedjo Christopher  (WA)"]
[Black "Rajesh Anirudh  (WA)"]
[Result "0-1"]
[WhiteElo "404"]
[BlackElo "1002"]
[Annotator ""]
[Source ""]
[Remark "Class E"]

1.e4 c5 2.Nc3 Nc6 3.Nf3 g6 4.Bb5 Nf6 5.e5 Ng4 6.O-O Ngxe5 7.d3
Bg7 8.Bf4 Nxf3+ 9.Qxf3 O-O 10.Qh3 d5 11.Rfe1 Bxh3 12.gxh3 Nd4
13.Re3 Nxc2 14.Rae1 Nxe1 15.Rxe1 Bxc3 16.bxc3 Qa5 17.c4 Qxe1+
18.Kg2 a6 19.Ba4 dxc4 20.dxc4 Qe4+ 21.Kg3 Qxc4 22.Bb3 Qc3+ 23.Kg2
e5 24.Bg3 e4 25.h4 Rad8 26.h5 Rd2 27.hxg6 hxg6 28.h4 e3 29.Bf4
Rxf2+ 30.Kg3 e2+ 31.Kxf2 e1Q+ 32.Kg2 Re8 33.Bc4 Re2+ 34.Bxe2
Qxe2+ 35.Kg1 Qce1# 0-1

[Event "Washington Class Championships"]
[Site "Lynnwood, WA"]
[Date "2014.11.30"]
[Round "6"]
[White "Borthwick Andrew  (WA)"]
[Black "Little Jack  (WA)"]
[Result "1-0"]
[WhiteElo "761"]
[BlackElo "941"]
[Annotator ""]
[Source ""]
[Remark "Class E"]

1.d4 d5 2.c4 c6 3.cxd5 cxd5 4.Nc3 e6 5.Bf4 Nc6 6.Nf3 Bb4 7.Qb3
Nge7 8.a3 Ba5 9.e3 O-O 10.Bd3 Ng6 11.Bxg6 fxg6 12.O-O Qb6 13.Qxb6
axb6 {?} 14.b4 Bxb4 15.axb4 Rxa1 16.Rxa1 Nxb4 17.Bd6 Nc2 18.Rc1
Rd8 19.Bc7 Rd7 20.Bxb6 Nb4 21.Nxd5 Nxd5 22.Rxc8+ Kf7 23.Ne5+
Ke7 24.Nxd7 Kxd7 25.Rg8 Nxb6 26.Rxg7+ Kc6 27.Rxh7 Nc4 28.Rh6
b5 29.Rxg6 Kd6 30.Rg8 Kc6 31.Rb8 Nd6 32.h4 Nb7 33.Rc8+ Kd7 34.Rc1
Nd6 35.h5 Nf5 36.Rc5 1-0

[Event "Washington Class Championships"]
[Site "Lynnwood, WA"]
[Date "2014.11.30"]
[Round "6"]
[White "Richards Jerrold  (WA)"]
[Black "Kumar Ramesh  (WA)"]
[Result "0-1"]
[WhiteElo "1480"]
[BlackElo "1213"]
[Annotator ""]
[Source ""]
[Remark "Class C"]

1.c4 e5 2.g3 Nf6 3.Bg2 d5 4.cxd5 Nxd5 5.Nc3 c6 6.Nf3 Nd7 7.O-O
Be7 8.d3 O-O 9.d4 Nxc3 10.bxc3 exd4 11.cxd4 Nb6 12.e3 Be6 13.a4
a5 14.Ba3 Bb4 15.Ne5 Nc4 16.Bxb4 axb4 17.Nxc4 Bxc4 18.Re1 b3
19.Qb1 Qb6 20.Bf1 Be6 21.Rc1 b2 22.Bc4 Bxc4 23.Rxc4 bxa1Q 24.Qxa1
Qb3 25.Qc1 Rxa4 26.Rc3 Qa2 27.Kg2 Qd5+ 28.Kg1 Rfa8 29.Rc5 Qf3
30.Re5 g6 31.d5 Kg7 32.d6 Ra1 33.Rc5 Rxc1+ 34.Rxc1 Rd8 35.h4
Rxd6 36.e4 Rd2 37.Rf1 b5 38.e5 b4 39.e6 fxe6 40.h5 b3 41.hxg6
hxg6 42.g4 b2 43.g5 Rd1 44.Kh2 Qh5+ 45.Kg2 Rxf1 46.f4 Qh1+ 47.Kg3
Qf3+ 48.Kh2 Rh1# 0-1

[Event "Washington Class Championships"]
[Site "Lynnwood, WA"]
[Date "2014.11.28"]
[Round "1"]
[White "Kenney Jason  (CAN)"]
[Black "Raptis Nick  (OR)"]
[Result "1-0"]
[WhiteElo "2158"]
[BlackElo "2380"]
[Annotator ""]
[Source ""]
[Remark "Master"]

1.c4 e5 2.g3 Nf6 3.Bg2 d5 4.cxd5 Nxd5 5.Nc3 Nb6 6.Nf3 Nc6 7.O-O
Be7 8.Rb1 a5 9.d3 O-O 10.Be3 Be6 11.a3 Nd5 12.Nxd5 Bxd5 13.Qa4
Kh8 14.Rbc1 f6 15.Rc3 Qd7 16.Rfc1 Rfd8 17.Nd2 Bxg2 18.Kxg2 f5
19.Qb5 Rab8 20.Rc4 Qe6 21.Nb3 Rd5 22.Qa4 b5 23.Rxc6 Qxc6 24.Rxc6
bxa4 25.Nd2 Bd6 26.Nc4 Kg8 27.Bd2 Rbb5 28.Bc3 g6 29.Ra6 Kf7 30.f3
Ke7 31.Nxa5 {
 This may not be correct, inasmuch as the notation indicated Rd5 on both moves
21 and 25.  #21 seemed tp fit with the subsequent action, #25 clearly didn't.
My choice of Bd6 may be wrong, but my computer's suggestion of Rxb2 didn't seem
to be what happened.  At the end, my computer indicated an advantage for White
of +0.76 in this position, leaving me wondering why the resignation at this
point.  Maybe someone can ask Raptis what happened and where I've gone wrong.}
 1-0

[Event "Washington Class Championships"]
[Site "Lynnwood, WA"]
[Date "2014.11.29"]
[Round "1"]
[White "Hendricks David  (WA)"]
[Black "Buck Stephen  (WA)"]
[Result "1-0"]
[WhiteElo "1641"]
[BlackElo "1712"]
[Annotator ""]
[Source ""]
[Remark "Class A"]

1.d4 d5 2.Bf4 Nf6 3.e3 e6 4.Nf3 c5 5.c3 Nc6 6.Bd3 Bd6 7.Bg3 O-O
8.Nbd2 a6 9.Ne5 Qe7 10.O-O Bd7 11.f4 b5 12.Ndf3 b4 13.Bh4 c4
14.Bc2 bxc3 15.bxc3 Rfb8 16.Nxd7 Qxd7 17.Ne5 Bxe5 18.fxe5 Ne4
19.Bxe4 dxe4 20.Qg4 Qe8 21.Qxe4 Ne7 22.Bxe7 Qxe7 23.d5 exd5 24.Qxd5
Ra7 25.Rab1 Rd8 26.Qxc4 Qxe5 27.Rf3 Rc7 28.Qxa6 Rxc3 29.Qa7 Qe8
30.a4 Ra8 31.Qd4 Rc7 ( 31...Ra3 ) 32.Ra1 Rca7 33.Rf4 Rd7 34.Qc5
Rc8 35.Re4 Qd8 36.Qb5 Rb8 37.Qe5 Ra8 38.h3 h6 39.Rg4 g6 40.Rd4
Rxd4 41.exd4 Qb6 42.Qe4 Rd8 43.a5 Qa7 44.Ra4 Qd7 45.Rc4 Qb5 46.Rc5
Qa4 47.Rd5 Ra8 48.Qe7 Kg7 49.Rd7 Qb3 50.Qe5+ Kg8 51.Qf6 1-0

[Event "Washington Class Championships"]
[Site "Lynnwood, WA"]
[Date "2014.11.28"]
[Round "1"]
[White "Crenshaw Russell (OR)"]
[Black "Bonrud Neal  (WA)"]
[Result "0-1"]
[WhiteElo "1542"]
[BlackElo "1720"]
[Annotator ""]
[Source ""]
[Remark "Class B"]

1.Nf3 Nf6 2.g3 d5 3.d3 c6 4.Bg2 Bf5 5.O-O Nbd7 6.Bf4 Qb6 7.Qc1
e6 8.h3 Be7 9.Nc3 h6 10.Rb1 g5 11.Be5 Nxe5 12.Nxe5 Bd6 13.Nf3
Bxg3 14.d4 Bd6 15.Re1 Ne4 16.Qd1 Qc7 17.Nxe4 Bxe4 18.Nd2 Bxg2
19.Kxg2 f5 20.e3 Rg8 21.Qh5+ Qf7 22.Qxf7+ Kxf7 23.Rh1 h5 24.Rbg1
a5 25.Kf1 b5 26.Ke2 a4 27.a3 b4 28.Nb1 Rab8 29.h4 g4 30.f3 bxa3
31.bxa3 gxf3+ 32.Kxf3 Rg4 33.Nc3 Ra8 34.Rg2 Bxa3 35.Ra1 Rxg2
36.Kxg2 Be7 37.Nxa4 Bxh4 38.Rh1 Bd8 39.Nc5 h4 40.Kh3 Ra3 41.Re1
Rc3 42.Re2 f4 43.Kg4 fxe3 44.Nd3 Bf6 45.Rxe3 Rxc2 46.Rf3 Rg2+
47.Kh5 Rg5+ 48.Kxh4 Rf5+ 49.Kg4 Rxf3 50.Kxf3 Bxd4 0-1

[Event "Washington Class Championships"]
[Site "Lynnwood, WA"]
[Date "2014.11.28"]
[Round "1"]
[White "Doknjas John  (CAN)"]
[Black "Greninger Harley  (WA)"]
[Result "0-1"]
[WhiteElo "2270"]
[BlackElo "2163"]
[Annotator ""]
[Source ""]
[Remark "Master"]

1.d4 Nf6 2.c4 e6 3.Nc3 Bb4 4.e3 b6 5.Nge2 Ba6 6.a3 Bxc3+ 7.Nxc3
d5 8.Qf3 c6 9.b3 O-O 10.Bb2 Re8 11.Rd1 Qc8 12.Be2 Nbd7 13.Qg3
Qb7 14.O-O Rad8 15.Rfe1 Qb8 16.f4 Bb7 17.Bf3 Ba6 18.Be2 Bb7 19.Bd3
Nf8 20.b4 Ba6 21.b5 dxc4 22.Bxc4 cxb5 23.Bxb5 Bxb5 24.Nxb5 Ne4
25.Qf3 f5 26.Nc3 Qa8 27.Rc1 Rc8 28.Nxe4 Qxe4 29.Qxe4 fxe4 30.Kf2
Ng6 31.g4 Ne7 32.Rxc8 Rxc8 33.Rc1 Rxc1 34.Bxc1 b5 35.Ke2 g6 36.Kd2
Nd5 37.Kc2 Kf7 38.Kb3 h6 39.a4 a6 40.a5 Kf6 41.Bd2 g5 42.Kc2
gxf4 43.exf4 e3 44.Bc1 e2 45.Kd2 Nxf4 46.Ba3 b4 47.Bxb4 e1Q+ 0-1

[Event "Washington Class Championships"]
[Site "Lynnwood, WA"]
[Date "2014.11.29"]
[Round "1"]
[White "Ramesh Jothi  (WA)"]
[Black "Puri Ishaan  (WA)"]
[Result "1-0"]
[WhiteElo "1721"]
[BlackElo "1595"]
[Annotator ""]
[Source ""]
[Remark "Class B"]

1.Nf3 Nf6 2.c4 g6 3.Nc3 Bg7 4.e4 d6 5.d4 O-O 6.Be2 c5 7.d5 e6
8.O-O exd5 9.exd5 Re8 10.Re1 Bg4 11.h3 Bxf3 12.Bxf3 a6 13.Bg5
h6 14.Bh4 g5 15.Bg3 Rxe1+ 16.Qxe1 Qd7 17.Ne4 Nxe4 18.Qxe4 a5
19.Bg4 Qd8 20.Re1 Na6 21.Qe7 b6 22.Bh5 Qxe7 23.Rxe7 f5 24.Bxd6
Bxb2 25.Re6 Bg7 26.Be7 Rb8 27.d6 Rb7 28.Be8 Nb8 29.Bd8 Bf8 30.Bc7
Na6 31.d7 Nxc7 32.Rg6+ Bg7 33.d8Q Nxe8 34.Qxe8+ Kh7 35.Qb5 Kxg6
36.Qc6+ Kh5 37.Qxb7 Be5 38.Qf7+ Kh4 39.Qg6 Bg7 40.g3+ Kxh3 41.Qh5# 1-0

[Event "Washington Class Championships"]
[Site "Lynnwood, WA"]
[Date "2014.11.29"]
[Round "1"]
[White "Wu Ethan  (WA)"]
[Black "Thakur Eamon  (WA)"]
[Result "1-0"]
[WhiteElo "733"]
[BlackElo "1145"]
[Annotator ""]
[Source ""]
[Remark "Class E"]

1.c4 e5 2.g3 Nf6 3.Bg2 Bc5 4.e3 O-O 5.Nc3 Nc6 6.Nge2 d6 7.O-O
Be6 8.d4 exd4 9.exd4 Bb6 10.d5 Bd7 11.dxc6 bxc6 12.Na4 Rb8 13.Nxb6
Rxb6 14.Nf4 Re8 15.b3 Bg4 16.Qc2 Qd7 17.Bb2 Bf5 18.Qc1 Qe7 19.Re1
Be6 20.Bh3 Qd7 21.Bxf6 gxf6 22.Nh5 Kf8 23.Qh6+ Ke7 24.Qxf6+ Kf8
25.Qg7+ Ke7 26.Bxe6 Qxe6 27.Rxe6+ Kxe6 28.Re1+ Kd7 29.Nf6+ Kc8
30.Rxe8+ Kb7 31.Qf8 Ka6 32.Rb8 Rxb8 33.Qxb8 h5 34.b4 h4 35.Ne8
hxg3 36.Nxc7# 1-0

[Event "Washington Class Championships"]
[Site "Lynnwood, WA"]
[Date "2014.11.29"]
[Round "1"]
[White "Koons Nat  (WA)"]
[Black "Chan James  (CAN)"]
[Result "1-0"]
[WhiteElo "2303"]
[BlackElo "2116"]
[Annotator ""]
[Source ""]
[Remark "Master"]

1.d4 d5 2.c4 c6 3.Nf3 Nf6 4.Nc3 a6 5.e3 b5 6.c5 g6 7.Bd2 Bg7
8.b4 Nbd7 9.a4 Rb8 10.axb5 axb5 11.Ra7 O-O 12.Be2 Rb7 13.Qa1
Qc7 14.Ra5 e5 15.O-O e4 16.Ne1 h5 17.f4 exf3 18.Nxf3 Ng4 19.h3
Nh6 20.e4 dxe4 21.Nxe4 Nf5 22.Nd6 Nxd6 23.Bf4 Qd8 24.Bxd6 Re8
25.Qa2 Nf6 26.Ne5 Be6 27.Qc2 Bd5 28.Bf3 Qc8 29.Ra6 Bxf3 30.Rxf3
Nd5 31.Rxc6 Qa8 32.Qf2 Qa1+ 33.Kh2 Nxb4 34.Rc7 Rxc7 35.Bxc7 Nd5
36.Bd6 Nf6 37.Rxf6 Bxf6 38.Qxf6 Qa2 39.Nxg6 Kh7 40.Nf8+ Kg8 41.Qg5+
Kh8 42.Qh6+ 1-0

[Event "Washington Class Championships"]
[Site "Lynnwood, WA"]
[Date "2014.11.29"]
[Round "1"]
[White "Yee Nathaniel  (WA)"]
[Black "Bashkansky Naomi (WA)"]
[Result "1/2-1/2"]
[WhiteElo "1785"]
[BlackElo "1715"]
[Annotator ""]
[Source ""]
[Remark "Class B"]

1.e4 e5 2.Nf3 Nc6 3.Bc4 Bc5 4.c3 Nf6 5.d4 exd4 6.cxd4 Bb4+ 7.Bd2
Bxd2+ 8.Nbxd2 d5 9.exd5 Nxd5 10.Qb3 Na5 11.Qa4+ c6 12.Bxd5 Qxd5
13.O-O O-O 14.Rac1 Qb5 15.Qa3 b6 16.Rfe1 Be6 17.Re5 Bd5 18.b4
Nb7 19.Ne4 Rfe8 20.Nc3 Qd3 21.Rd1 Qc2 22.Rd2 Qg6 23.Nd1 Rxe5
24.dxe5 Re8 25.h3 h6 26.Re2 Qb1 27.Re1 Qxa2 1/2-1/2

[Event "Washington Class Championships"]
[Site "Lynnwood, WA"]
[Date "2014.11.28"]
[Round "1"]
[White "Seshadri Sridhar  (WA)"]
[Black "Le Blanc Paul  (CAN)"]
[Result "0-1"]
[WhiteElo "1740"]
[BlackElo "1882"]
[Annotator ""]
[Source ""]
[Remark "Class A"]

1.d4 d5 2.c4 c6 3.Nc3 Nf6 4.Bf4 Bf5 5.e3 e6 6.Nf3 Nbd7 7.c5 Ne4
8.Bd3 b6 9.cxb6 axb6 10.O-O Be7 11.Qc2 Nxc3 12.bxc3 Bxd3 13.Qxd3
c5 14.c4 cxd4 15.exd4 Ra3 16.Qc2 Nf6 17.Rfc1 O-O 18.h3 Qa8 19.c5
bxc5 20.dxc5 Ne4 21.c6 Rc3 22.Qb2 Ba3 23.Qb6 Bxc1 24.Rxc1 Rxc1+
25.Bxc1 Rb8 26.Qe3 Qxc6 27.Ba3 Qa6 28.Kh2 Rb1 29.Ng1 Qb6 30.Qxb6
Rxb6 31.f3 Nc3 32.Bc5 Rc6 33.Bd4 Nxa2 34.Ne2 Nb4 35.Ng3 f6 36.f4
Rc4 37.Ne2 Kf7 38.Kg3 Nc6 39.Bf2 d4 40.Be1 e5 41.fxe5 fxe5 42.Kf3
Ke6 43.Ke4 Rc2 44.Kd3 Ra2 45.g4 e4+ 0-1

[Event "Washington Class Championships"]
[Site "Lynnwood, WA"]
[Date "2014.11.29"]
[Round "1"]
[White "Zhang Kyle  (WA)"]
[Black "Manivannan Arvind  (WA)"]
[Result "1-0"]
[WhiteElo "1178"]
[BlackElo "726"]
[Annotator ""]
[Source ""]
[Remark "Class E"]

1.e4 e5 2.Nf3 Nc6 3.Nc3 Nf6 4.Bc4 h6 5.d3 Bb4 6.O-O Bxc3 7.bxc3
d5 8.exd5 Nxd5 9.Bd2 Be6 10.Re1 Qd6 11.Bb3 O-O-O 12.Rb1 g5 13.d4
exd4 14.cxd4 Rde8 15.Qc1 Bf5 16.Rb2 g4 17.Nh4 Nxd4 18.Nxf5 Nxf5
19.c4 Nb4 20.Bxb4 Qxb4 21.Kf1 Re7 22.Bc2 Qxc4+ 23.Kg1 Qc5 24.Bxf5+
Qxf5 25.Rxe7 c6 26.Rexb7 Qf6 27.Rb8+ Kc7 28.Rxh8 Qd6 29.g3 Qe5
30.Qf4 Qxf4 31.gxf4 c5 32.Rxh6 f6 33.Rxf6 a6 34.Rf5 c4 35.Rc5+
Kd6 36.Rxc4 Ke6 37.Rc5 Kf6 38.Rb6+ 1-0

[Event "Washington Class Championships"]
[Site "Lynnwood, WA"]
[Date "2014.11.29"]
[Round "1"]
[White "Villavieja Butch  (CAN)"]
[Black "Norovsambuu Badamkhand  (WA)"]
[Result "1-0"]
[WhiteElo "2236"]
[BlackElo "2070"]
[Annotator ""]
[Source ""]
[Remark "Master"]

1.e4 c6 2.d4 d5 3.exd5 cxd5 4.c4 Nf6 5.Nc3 e6 6.Nf3 Nc6 7.Bf4
dxc4 8.Bxc4 Bb4 9.O-O Bxc3 10.bxc3 Nd5 11.Bg5 Nce7 12.Bb5+ Bd7
13.Bxd7+ Qxd7 14.Ne5 Qc7 15.c4 Nb6 16.Bf4 Qd8 17.c5 Nd7 18.Qa4
Nd5 19.Bd2 f6 20.Nc4 O-O 21.Nd6 Qc7 22.Qb3 b6 23.Rfe1 bxc5 24.Rxe6
N7b6 25.dxc5 Qxc5 26.Rc1 Qd4 27.Rd1 Qg4 28.Rde1 Qa4 29.Qg3 Kh8
30.Nf5 Rf7 31.h4 Qd7 32.h5 Nc4 33.Nd6 Nxd6 34.Rxd6 Qf5 35.h6
Rg8 36.Qb3 Rd7 37.hxg7+ Kxg7 38.Rde6 Kh8 39.Re8 Rdg7 40.g3 Nb6
41.Bh6 Rg6 42.Qf7 Qd5 43.Rxg8+ Rxg8 44.Qxf6+ 1-0

[Event "Washington Class Championships"]
[Site "Lynnwood, WA"]
[Date "2014.11.29"]
[Round "1"]
[White "Pothukuchi Revanth  (WA)"]
[Black "Kam Ethan  (WA)"]
[Result "1-0"]
[WhiteElo "1301"]
[BlackElo "1251"]
[Annotator ""]
[Source ""]
[Remark "Class D"]

1.e4 e5 2.Nf3 Nc6 3.Bc4 Bc5 4.Nc3 Nf6 5.d3 d6 6.Be3 Bb6 7.h3
h6 8.Qe2 Nd4 9.Qd1 Be6 10.Bb3 Nxb3 11.axb3 d5 12.exd5 Nxd5 13.Nxd5
Bxd5 14.Bxb6 cxb6 15.O-O e4 16.Re1 O-O 17.dxe4 Bc6 18.Nd4 Re8
19.f3 Qf6 20.c3 a6 21.Nf5 Rad8 22.Qc2 Bd7 23.Ne3 Bxh3 24.Nd5
Qg6 25.Nf4 Qc6 26.Nxh3 Rd6 27.Nf4 Rf6 28.Nd5 Rg6 29.Qe2 Rd8 {
 At this point a series of indecipherable moves make it impossible to continue.
 Although White eventually wins (move 45 or so), what clearly doesn't happen is Ne7+, winning the queen.}
 1-0

[Event "Washington Class Championships"]
[Site "Lynnwood, WA"]
[Date "2014.11.28"]
[Round "1"]
[White "Sang Tian  (WA)"]
[Black "Pupols Viktors  (WA)"]
[Result "1-0"]
[WhiteElo "2341"]
[BlackElo "2200"]
[Annotator ""]
[Source ""]
[Remark "Master"]

1.e4 e6 2.d4 d5 3.Nc3 Nf6 4.Bg5 dxe4 5.Nxe4 Be7 6.Bxf6 gxf6 7.Nf3
b6 8.Bb5+ c6 9.Bd3 Bb7 10.Qe2 Nd7 11.O-O-O Qc7 12.Kb1 O-O-O 13.Rhe1
Rhg8 14.Ng3 h6 15.Ba6 Rge8 16.Bxb7+ Kxb7 17.Qe3 Bf8 18.c4 Qb8
19.Qb3 f5 20.Nh5 Qc7 21.a3 Ka8 22.Qa4 Rb8 23.Rc1 Rec8 24.g3 Qd8
25.Nf4 Bg7 26.Nd3 Nc5 27.Qc2 Nxd3 28.Qxd3 Rb7 29.Rcd1 Rd7 30.Ne5
Bxe5 31.Rxe5 Qc7 32.Rde1 Rcd8 33.Qe3 c5 34.d5 exd5 35.cxd5 Kb7
36.Qxh6 Rxd5 37.Rxd5 Rxd5 38.Qf6 Ka6 39.h4 Qd7 40.Qc3 b5 41.Rc1
Qe6 42.Ka1 Kb6 43.Qe3 Qxe3 44.fxe3 Kc6 45.Kb1 Kd7 46.Kc2 Ke7
47.Rd1 Re5 48.Kd3 a5 49.Ke2 a4 50.Kf3 b4 51.Rc1 Kd6 52.Rd1+ Ke6
53.Rd8 bxa3 54.bxa3 Kf6 55.Rc8 Kg7 56.Rc6 Kh7 57.Ke2 Kg7 58.Kd2
Kh7 59.Ra6 Re4 60.Ra5 Rg4 61.Rxc5 Rxg3 62.Rxf5 Rg2+ 63.Kc3 Kg6
64.Rf4 Re2 65.Kd3 Rh2 66.Rxa4 f5 67.Rf4 Ra2 68.a4 Ra3+ 69.Ke2
Ra1 70.Rb4 Kh5 71.Kf2 Ra2+ 72.Kg3 Ra1 73.Kf4 Rf1+ 74.Ke5 Rf3
75.Rf4 Rxe3+ 76.Kxf5 Ra3 77.Ke5 Kg6 78.Kd5 Ra1 79.Kc5 Rc1+ 80.Rc4
Ra1 81.Kb5 Kf6 82.a5 Ke6 83.Rd4 Rb1+ 84.Rb4 Rf1 85.a6 Kd6 86.Kb6
Rf8 87.a7 1-0

[Event "Washington Class Championships"]
[Site "Lynnwood, WA"]
[Date "2014.11.28"]
[Round "1"]
[White "Smith Andrew  (WA)"]
[Black "Hatfield Jack  (WA)"]
[Result "0-1"]
[WhiteElo "1213"]
[BlackElo "1372"]
[Annotator ""]
[Source ""]
[Remark "Class D"]

1.e4 d6 2.d4 Nf6 3.Nc3 g6 4.Nf3 Bg7 5.Be2 c6 6.Be3 Nbd7 7.O-O
O-O 8.b4 b5 9.Qd2 Qc7 10.h3 Bb7 11.Rac1 a6 12.Rfd1 e5 13.dxe5
dxe5 14.Qe1 Rac8 15.Rd3 c5 16.bxc5 Nxe4 17.Nd5 Bxd5 18.Rxd5 Nef6
19.Rd6 Nxc5 20.Bxc5 Qxc5 21.Rxa6 e4 22.Nd2 e3 23.fxe3 Qxe3+ 24.Kf1
Bh6 25.Rxf6 Rfd8 26.Bxb5 Qg5 27.Rf2 Qxb5+ 28.c4 Qb2 29.Rd1 Qxa2
30.Qe7 Re8 31.Qxf7+ Kh8 32.Re1 Rf8 33.Qd5 Rxf2+ 34.Kxf2 Qxd2+
35.Qxd2 Bxd2 36.Re2 Rf8+ 37.Kg3 Bb4 38.Rb2 Bd6+ 39.Kg4 Rf4+ 40.Kg5
Rxc4 41.Kf6 Re4 42.Rd2 Be7+ 43.Kf7 Bg5 44.g3 Bxd2 0-1

[Event "Washington Class Championships"]
[Site "Lynnwood, WA"]
[Date "2014.11.28"]
[Round "1"]
[White "Dutton Carl  (WA)"]
[Black "Mitchell Mika  (WA)"]
[Result "0-1"]
[WhiteElo "1689"]
[BlackElo "1814"]
[Annotator ""]
[Source ""]
[Remark "Class A"]

1.e4 d5 2.exd5 Nf6 3.d4 Bg4 4.Be2 Bxe2 5.Nxe2 Qxd5 6.O-O Nc6
7.Nbc3 Qh5 8.Nf4 Qxd1 9.Rxd1 O-O-O 10.Be3 Nb4 11.Rac1 e6 12.a3
Nbd5 13.Ncxd5 exd5 14.c4 c6 15.Nd3 Be7 16.c5 Ne8 17.b4 Nc7 18.a4
a6 19.Nb2 g5 20.f3 Rde8 21.Bf2 Bf6 22.a5 Re2 23.Na4 Rhe8 24.Nb6+
Kd8 25.Kf1 Rb2 26.Re1 Rxe1+ 27.Rxe1 Rxb4 28.Bg3 Ne6 29.Be5 Bxe5
30.Rxe5 Rxd4 31.Rf5 Rd1+ 32.Kf2 Rd2+ 33.Kf1 Ke8 34.Nc8 Nxc5 35.Rxg5
Ne6 36.Rg8+ Kd7 37.Nb6+ Ke7 38.Rh8 Nf4 39.Rxh7 Nxg2 40.h4 Ne3+
41.Ke1 Rh2 42.h5 d4 43.Na4 d3 0-1

[Event "Washington Class Championships"]
[Site "Lynnwood, WA"]
[Date "2014.11.28"]
[Round "1"]
[White "Fields Noah  (WA)"]
[Black "He Daniel  (WA)"]
[Result "0-1"]
[WhiteElo "2056"]
[BlackElo "2222"]
[Annotator ""]
[Source ""]
[Remark "Master"]

1.e4 g6 2.d4 Bg7 3.Nc3 a6 4.Be3 b5 5.a4 b4 6.Nd5 a5 7.Bc4 e6
8.Nf4 Bb7 9.f3 Ne7 10.Nge2 O-O 11.Qd2 d5 12.Bd3 dxe4 13.fxe4
Nd7 14.h4 Nf6 15.e5 Ng4 16.Bg1 Bh6 17.Rh3 Nd5 18.Qd1 Nxf4 19.Nxf4
Nxe5 20.dxe5 Bxf4 21.Qg4 Bxe5 22.h5 Qf6 23.Ke2 Qf4 24.Qxf4 Bxf4
25.Bc5 Bd6 26.Bxd6 cxd6 27.hxg6 fxg6 28.Rg1 Rf6 29.g4 Raf8 30.g5
Rf4 31.Rgg3 e5 32.Rh2 Bf3+ 33.Ke3 Bh5 34.Be4 Rf1 35.Rd2 Re1+
36.Kd3 Rf4 37.Re3 Rd1 38.Rxd1 Bxd1 39.c3 Bxa4 40.cxb4 axb4 41.Bd5+
Kg7 42.Re4 Rxe4 43.Kxe4 Bc2+ 44.Ke3 h6 45.gxh6+ Kxh6 46.Kf2 Kg5 0-1

[Event "Washington Class Championships"]
[Site "Lynnwood, WA"]
[Date "2014.11.28"]
[Round "1"]
[White "Richards Jerrold  (WA)"]
[Black "Berry Gregory  (WA)"]
[Result "0-1"]
[WhiteElo "1388"]
[BlackElo "1560"]
[Annotator ""]
[Source ""]
[Remark "Class C"]

1.c4 Nf6 2.g3 g6 3.Bg2 Bg7 4.Nf3 O-O 5.Nc3 d5 6.cxd5 Nxd5 7.O-O
c6 8.Rb1 Qa5 9.a3 Rd8 10.b4 Qc7 11.Nxd5 cxd5 12.Bb2 d4 13.d3
e5 14.Qd2 Be6 15.Rfc1 Qb6 16.Rc2 Nc6 17.Ng5 Bh6 18.f4 Bb3 19.Rcc1
Bxg5 20.fxg5 Ne7 21.Rf1 Bd5 22.Rf6 Rd6 23.Rbf1 Bxg2 24.Rxd6 Qxd6
25.Kxg2 Nd5 26.Kg1 Ne3 27.Rf3 Rc8 28.Qe1 Rc1 29.Bxc1 Nd5 30.e4
dxe3 31.Bxe3 Nxe3 32.Qxe3 Qd5 33.Qxa7 Qxf3 34.Qb8+ Kg7 35.Qxe5+
Kf8 36.Qh8+ Ke7 37.Qe5+ Kd7 38.Qd4+ Ke6 39.Qe4+ Qxe4 40.dxe4
{   Strange game.  Mututal rook give-aways, White up two pawns when the score
ends, but Black wins.  Time, maybe?  Wish I had both scoresheets sometimes.}
 0-1

[Event "Washington Class Championships"]
[Site "Lynnwood, WA"]
[Date "2014.11.28"]
[Round "1"]
[White "Haining Breck  (WA)"]
[Black "Hwang Matthew  (WA)"]
[Result "1-0"]
[WhiteElo "1358"]
[BlackElo "1134"]
[Annotator ""]
[Source ""]
[Remark "Class D"]

1.e4 c5 2.Nf3 d6 3.Nc3 Nf6 4.Bc4 Bd7 5.O-O Nc6 6.Re1 Ne5 7.Nxe5
dxe5 8.Nd5 e6 9.Nxf6+ Qxf6 10.Qe2 a6 11.a4 Bd6 12.Qd3 Qe7 13.Re3
O-O 14.Rh3 Bc6 15.Qf3 b5 16.Qh5 h6 17.d3 Qf6 18.Bg5 Qxg5 19.Qxg5
hxg5 20.Bb3 Rfc8 21.Rg3 Be7 22.c3 Rcb8 23.Re3 bxa4 24.Bxa4 Bxa4
25.Rxa4 Rxb2 26.g3 Rb6 27.c4 a5 28.Re2 Rb4 29.Rea2 Rxa4 30.Rxa4
Kf8 31.Kg2 Ke8 32.Kf3 Kd7 33.Ke2 Kc7 34.h3 Kb6 35.g4 Ka6 36.Kd2
Rb8 37.Kc3 Rb4 38.Ra2 a4 39.Ra3 Bd8 40.Kc2 Ba5 41.f3 f6 42.Ra2
g6 43.Ra3 f5 44.Ra2 Bc7 45.Ra3 Rb3 46.Rxa4+ Ba5 47.Kxb3 f4 48.Ra2
Kb6 49.Rb2 Bb4 50.Ra2 Ba5 51.Ra3 Ka6 52.Ka4 Kb6 53.Ra1 Ka6 54.Rh1
Bd8 55.Rb1 Bc7 56.Rg1 Ba5 57.Kb3 Bc7 58.h4 1-0

[Event "Washington Class Championships"]
[Site "Lynnwood, WA"]
[Date "2014.11.28"]
[Round "1"]
[White "Jiang Brandon  (WA)"]
[Black "Tiglon Jeffrey  (WA)"]
[Result "0-1"]
[WhiteElo "837"]
[BlackElo "1300"]
[Annotator ""]
[Source ""]
[Remark "Class E"]

1.e4 c5 2.Nf3 a6 3.d4 cxd4 4.Nxd4 Nf6 5.Nc3 e5 6.Nf3 Nc6 7.Bg5
Bb4 8.Qd2 O-O 9.Bc4 d6 10.h3 Be6 11.Bd5 Bxd5 12.exd5 Bxc3 13.Qxc3
Nxd5 14.Bxd8 Nxc3 15.bxc3 Rfxd8 16.O-O Rac8 17.Rad1 Ne7 18.Rd3
e4 19.Re3 d5 20.Nd4 g6 21.Ne2 Nf5 22.Rb1 Nxe3 23.fxe3 b5 24.Rd1
g5 25.Ng3 Rxc3 26.Rd2 Rxe3 27.Nf5 Ra3 28.Ne7+ Kg7 29.Nf5+ Kf6
30.Nh6 Kg6 31.Ng4 f6 32.Kf2 h5 33.Ne3 d4 34.Ke2 Rxe3+ 35.Kf1
d3 36.cxd3 Rdxd3 0-1

[Event "Washington Class Championships"]
[Site "Lynnwood, WA"]
[Date "2014.11.29"]
[Round "1"]
[White "Little Jack  (WA)"]
[Black "Soetedjo Christopher  (WA)"]
[Result "0-1"]
[WhiteElo "1080"]
[BlackElo "502"]
[Annotator ""]
[Source ""]
[Remark "Class E"]

1.e4 e5 2.Nf3 Nc6 3.Bb5 d6 4.O-O Nf6 5.Nc3 Bg4 6.h3 Bxf3 7.Qxf3
Be7 8.Nd5 O-O 9.Re1 Nd4 10.Nxf6+ Bxf6 11.Qd3 Nxb5 12.Qxb5 b6
13.c3 a6 14.Qc6 Rb8 15.b3 h6 16.Bb2 a5 17.d4 b5 18.Rad1 Rb6 19.Qxb6
cxb6 20.c4 exd4 21.Bxd4 Be7 22.e5 d5 23.cxd5 Qxd5 24.Bxb6 Qa8
25.e6 fxe6 26.Rxe6 Qb7 27.Bxa5 Bc5 28.b4 Bxf2+ 29.Kh2 Qf7 30.Re2
Qf4+ 31.Kh1 Ba7 32.a3 Bb8 33.g3 Qf3+ 34.Rg2 Qxd1+ 35.Rg1 Qd5+
36.Rg2 Rf1+ 37.Kh2 Qd1 38.Rg1 Bxg3+ 39.Rxg3 Rh1+ 40.Kg2 Qf1# 0-1

[Event "Washington Class Championships"]
[Site "Lynnwood, WA"]
[Date "2014.11.30"]
[Round "5"]
[White "Soetedjo Christopher  (WA)"]
[Black "Tian Andy  (WA)"]
[Result "1-0"]
[WhiteElo "502"]
[BlackElo "855"]
[Annotator ""]
[Source ""]
[Remark "Class E"]

1.e4 c5 2.Nc3 d6 3.Nf3 Nf6 4.Bb5+ Nc6 5.Bxc6+ bxc6 6.O-O e5 7.d3
Be7 8.a4 O-O 9.Ra3 a5 10.Ne2 d5 11.Nxe5 Qc7 12.Bf4 Qb6 13.Rb3
Qa6 14.Ng3 Be6 15.c4 d4 16.Qd2 Rab8 17.Bh6 Rxb3 18.Bxg7 Kxg7
19.Qg5+ Kh8 20.h4 Nxe4 21.Qxe7 Rg8 22.Nh5 Rb7 23.Nxf7+ Bxf7 24.Qe5+
Nf6 25.Qxf6+ Rg7 26.Qxg7# 1-0

[Event "Washington Class Championships"]
[Site "Lynnwood, WA"]
[Date "2014.11.29"]
[Round "1"]
[White "Bartron Paul  (WA)"]
[Black "Gulamali Faris  (WA)"]
[Result "1-0"]
[WhiteElo "2133"]
[BlackElo "1994"]
[Annotator ""]
[Source ""]
[Remark "Expert"]

1.e4 c5 2.Nf3 Nc6 3.d4 cxd4 4.Nxd4 g6 5.Nxc6 bxc6 6.Qd4 Nf6 7.e5
Nd5 8.e6 f6 9.exd7+ Bxd7 10.Bd2 Bg7 11.Nc3 e5 12.Qc5 Qb6 13.Na4
Qxc5 14.Nxc5 Bf5 15.Bd3 Bxd3 16.Nxd3 f5 17.O-O-O Kf7 18.Rhe1
Rhe8 19.c4 Nb6 20.b3 a5 21.Be3 Nc8 22.Nc5 Ne7 23.Rd7 Kg8 24.Bg5
Nc8 25.Red1 h6 26.Rd8 Kf7 27.Rxe8 Kxe8 28.Rd8+ Kf7 29.Rd7+ Kg8
30.Ne6 hxg5 31.Rxg7+ Kh8 32.Rc7 g4 33.Nf8 Ne7 34.Nd7 Kg7 35.Nxe5
Kf6 36.Nxc6 Nxc6 37.Rxc6+ Kg5 38.Rd6 Rc8 39.Kc2 Rc7 40.Kc3 Rc8
41.a3 Ra8 42.c5 Kf4 43.Rxg6 Ke5 44.Kc4 Rc8 45.h4 gxh3 46.gxh3
f4 47.b4 axb4 48.axb4 Rh8 49.c6 Rxh3 50.c7 Rh1 51.Kb5 Rc1 52.Rc6
Rxc6 53.Kxc6 Ke4 54.c8Q Kf3 55.Qf5 Kg2 56.Qxf4 Kg1 57.Kd5 Kg2
58.Ke4 Kg1 59.Kf3 Kh1 60.Qg4 1-0